000 00301nam a22001337a 4500
008 170823b xxu||||| |||| 00| 0 eng d
020 _a0387901795
041 _aeng
080 _a51
100 _a38
101 _aMAT
245 _aCALCULUS WITH APPLICATIONS AND COMPUTING
_cLAX,P
942 _2udc
_cBK
999 _c24703
_d24703